Statistiken für Alle Europäische Hauptstädte - Bildquiz

Klicken Sie hier um das Quiz zu spielen!

Allgemein

  • Dieses Quiz wurde 116 mal gespielt
  • Das Durchschnittsergebnis liegt bei 19 aus 45

Antwortstatistiken

Antwort% Korrekt
Berlin
96%
Moskau
92%
London
89%
Paris
89%
Brüssel
82%
Rom
81%
Amsterdam
73%
Vatikanstadt
72%
Kopenhagen
68%
Monaco
61%
Athen
59%
Madrid
54%
Prag
54%
Budapest
53%
Dublin
49%
Skopje
47%
Vaduz
45%
Valletta
40%
Helsinki
39%
Lissabon
36%
Minsk
34%
Bern
33%
Warschau
33%
Tirana
32%
Andorra
31%
Kiew
31%
Wien
31%
Bratislava
29%
Reykjavík
29%
Zagreb
29%
Bukarest
28%
Tallinn
27%
San Marino
25%
Stockholm
25%
Ljubljana
24%
Luxemburg
21%
Oslo
19%
Belgrad
16%
Riga
16%
Vilnius
16%
Podgorica
11%
Chișinău
9%
Sarajevo
9%
Sofia
8%
Priština
7%

Verteilung der Resultate

Perzentil nach korrekt beantworteten Fragen

Anzahl Personen mit jedem Resultat

Ihre Resultats-Entwicklung

Sie haben dieses Quiz noch nicht gespielt